| 000 | 00921nam a2200253 i 4500 | ||
|---|---|---|---|
| 001 | 47828 | ||
| 003 | ES-MaACL | ||
| 005 | 20230906161636.0 | ||
| 007 | t| | ||
| 008 | 030527s2002 sp ||||0| spa | ||
| 020 | _a84-607-4070-6 | ||
| 080 | _a929 Asís Garrote, María Dolores de | ||
| 080 | _a291.13(082.2) | ||
| 245 | 0 | 0 |
_aEn torno al mito _b: homenaje a la Dra. Dª Mª Dolores de Asís / _cedición a cargo de Milagros Arizmendi y Antonio Ubach. |
| 260 |
_a[Madrid] : _bServicio de Publicaciones, Facultad de Ciencias de la Información, Universidad Complutense de Madrid, _c[2002] |
||
| 300 |
_a375 p. ; _c24 cm. |
||
| 504 | _aBibliografía. | ||
| 600 | 1 | 4 |
_aAsís Garrote, María Dolores de- _vHomenajes. _923622 |
| 650 | 1 | 4 |
_aMito. _915091 |
| 700 | 1 |
_aAsís Garrote, María Dolores de. _923621 |
|
| 700 | 1 |
_aArizmendi, Milagros. _922881 |
|
| 700 | 1 |
_aUbach, Antonio. _9111817 |
|
| 852 |
_aES-MaACL _jL-26413 |
||
| 999 |
_c47828 _d47828 |
||